Equalisation of VAT called for by English Heritage (Record no. 72808)

MARC details
000 -LEADER
fixed length control field 01428cam a2200217 4500
001 - CONTROL NUMBER
control field WB3921-03
008 - FIXED-LENGTH DATA ELEMENTS--GENERAL INFORMATION
fixed length control field 030603n2003 000 0 eng u
035 ## - SYSTEM CONTROL NUMBER
System control number (Sirsi) u122505
245 ## - TITLE STATEMENT
Title Equalisation of VAT called for by English Heritage
260 ## - PUBLICATION, DISTRIBUTION, ETC.
Date of publication, distribution, etc. 2003
490 ## - SERIES STATEMENT
Series statement English Heritage News Release
Volume/sequential designation 30 May 2003 (1)
520 ## - SUMMARY, ETC.
Summary, etc. English Heritage has published a leaflet "VAT - seize the time" calling for the equalising of VAT on all new build and repairs and maintenance. It urges the government to ask for a flat VAT amendment to the European Sixth VAT Directive, which is being reviewed later this year. The move would aid sustainability, help regeneration, cut down on red tape, help small businesses and tackle the black economy, as well as removing a perverse incentive to neglect the repair and maintenance of the historic built environment. Copies of the leaflet can be downloaded from http://www.english-heritage.org.uk/Filestore/news/pdf/vat-leaflet.pdf or t +44 (0)870 333 1181. http://www.english-heritage.org.uk/default.asp?wci=mainframe&URL1=default.asp%3FWCI%3DNode%26WCE%3D7282.
590 ## - LOCAL NOTE (RLIN)
Local note WB
650 ## - SUBJECT ADDED ENTRY--TOPICAL TERM
Topical term or geographic name entry element VALUE ADDED TAX
650 ## - SUBJECT ADDED ENTRY--TOPICAL TERM
Topical term or geographic name entry element REPAIRS
650 ## - SUBJECT ADDED ENTRY--TOPICAL TERM
Topical term or geographic name entry element BUILT ENVIRONMENT-BUILDING MAINTENANCE AND REFURBISHMENT
650 ## - SUBJECT ADDED ENTRY--TOPICAL TERM
Topical term or geographic name entry element BUILT ENVIRONMENT
650 ## - SUBJECT ADDED ENTRY--TOPICAL TERM
Topical term or geographic name entry element DIRECTIVE 77/388/EEC
690 ## - LOCAL SUBJECT ADDED ENTRY--TOPICAL TERM (OCLC, RLIN)
Topical term or geographic name as entry element BUILT ENVIRONMENT-BUILDING MAINTENANCE AND REFURBISHMENT-BUILDING CONSERVATION
942 ## - ADDED ENTRY ELEMENTS (KOHA)
Suppress in OPAC 0
Holdings
Withdrawn status Lost status Source of classification or shelving scheme Damaged status Not for loan Home library Current library Shelving location Date acquired Total Checkouts Full call number Barcode Date last seen Copy number Price effective from Koha item type
    Dewey Decimal Classification     London London News article 03/06/2003   WB3921-03 122505-1001 06/08/2019 1 06/08/2019 News article